00931nam a2200241 a 450000100060000000300090000600800410001502000150005604000280007108200150009910000250011424500310013926000420017030000110021249000250022359000470024865000250029565000320032094200120035299900170036495201490038195201590053019431CO-ViMGA141112s2004 ck r 000 u spa d a9681841832 aCO-ViMGAbspacCO-ViMGA04a808.81 K721 aKrauze, Ethel92798210aComo acercarse a la poesia aMexico : bLimusa : bConaculta; 1994 a176 p. aComo acercarse a ... aForma de adquisición : Premio Mincultura14aPOESIA - COLECCIONES14aPOESIA - HISTORIA Y CRITICA 2ddccBK c28577d28577 00102ddc40708003aMEVIECARbMEVIECARd2015-12-04hVolumen. 1 | 11/jun/2009l0o808.81 K72p19431r2015-12-04 00:00:00tEj. 1w2015-12-04yBK 00102ddc40708012aMEGRANADbMEGRANADcLITd2026-02-20eBiblioteca Nacional de Colombial0oP-KRApGRDA02112r2026-02-20 14:37:14tEj.1w2026-02-20yBK